[Event "Challenge"]
[Site "http://www.queenalice.com/game.php?id=850339"]
[Date "2010.10.25"]
[Round "-"]
[White "tewald"]
[Black "RONCO"]
[Result "1-0"]
[WhiteElo "1930"]
[BlackElo "2003"]

1. e4 e6 2. d3 d5 3. Nd2 dxe4 4. dxe4 Bd7 5. f4 Bc6 6. Ngf3 Nd7 7. g3 Be7 8. Bg2
Ngf6 9. Qe2 Bc5 10. e5 Nd5 11. a3 Ne3 12. Nb3 Nxg2+ 13. Qxg2 Bb6 14. Bd2 a5 15.
O-O-O a4 16. Na1 Qe7 17. Rhe1 Bc5 18. Qe2 O-O 19. g4 Ra6 20. h4 Bxa3 21. Nd4 Rb6
22. Bc3 Bb4 23. Nxc6 bxc6 24. Qc4 c5 25. g5 Rfb8 26. b3 a3 27. Bxb4 Rxb4 28. Qc3
Nb6 29. Rd3 Nd5 30. Qd2 c6 31. c3 R4b6 32. c4 Nb4 33. Rd7 Qf8 34. Rd1 Re8 35. h5
Rbb8 36. g6 fxg6 37. hxg6 Qf5 38. gxh7+ Qxh7 39. Qg2 a2 40. Kb2 Rf8 41. Rh1 Nd3+
42. Kc3 1-0

[Event "Challenge"]
[Site "http://www.queenalice.com/game.php?id=865922"]
[Date "2010.11.30"]
[Round "-"]
[White "pajabraba69"]
[Black "RONCO"]
[Result "1-0"]
[WhiteElo "2016"]
[BlackElo "2001"]

1. e4 e6 2. d4 d5 3. e5 c5 4. Nf3 c4 5. Bd2 Nc6 6. Be2 Qb6 7. b3 cxb3 8. axb3
Be7 9. c3 f6 10. Be3 Qc7 11. Bb5 a6 12. Bxc6+ Qxc6 13. O-O f5 14. Qc2 Nh6 15.
Nbd2 Nf7 16. h4 b5 17. Rfc1 Bb7 18. c4 Rc8 19. c5 Kd7 20. b4 h6 21. Nb3 Bd8 22.
h5 Bc7 23. Nh4 Rhg8 24. Ng6 Nh8 25. Qe2 Nxg6 26. hxg6 Rcf8 27. f4 Kc8 28. Rc3
Qe8 29. c6 Bxc6 30. Qc2 Qd7 31. Nc5 Qe7 32. Nxe6 Qxe6 33. Rxc6 1-0

[Event "Challenge"]
[Site "http://www.queenalice.com/game.php?id=865923"]
[Date "2010.11.30"]
[Round "-"]
[White "RONCO"]
[Black "pajabraba69"]
[Result "0-1"]
[WhiteElo "1995"]
[BlackElo "2003"]

1. b4 e5 2. Bb2 d6 3. b5 Nf6 4. a4 c6 5. e3 b6 6. Nf3 Be7 7. Be2 cxb5 8. axb5
Qc7 9. O-O O-O 10. Nc3 Bb7 11. d3 Nbd7 12. d4 e4 13. Nd2 d5 14. f3 Qd6 15. f4
Qe6 16. f5 Qd6 17. Rf2 Ne8 18. Qf1 Bg5 19. Nd1 Qh6 20. Bg4 Nc7 21. Qe2 a6 22.
Nf1 Nxb5 23. g3 Bd8 24. h4 Nd6 25. Ba3 a5 26. Rh2 Ba6 27. Qf2 Bxf1 28. Qxf1 Re8
29. Be2 Be7 30. g4 Nc4 31. Bxc4 dxc4 32. Bxe7 Rxe7 33. g5 Qd6 34. c3 Ree8 35.
Qh3 f6 36. Raa2 Ne5 37. dxe5 Qxd1+ 38. Qf1 Qxf1+ 39. Kxf1 Rxe5 40. Rhf2 Rf8 41.
g6 hxg6 42. fxg6 Rd8 43. Rfb2 Rd6 44. Kg2 f5 45. h5 f4 46. exf4 Rxh5 47. Kf2
Rxg6 48. Ke3 Re6 49. Ra1 Rh3+ 50. Kd4 e3 51. Re2 Kf7 52. Ra4 Rd6+ 53. Kxc4 Rd2
54. Ra2 Rxe2 55. Rxe2 Rf3 56. Kb5 Kf6 57. Kxb6 a4 58. c4 Ke7 59. c5 Kd8 60. c6
Kc8 61. Rg2 Rf2 62. Rxg7 Rb2+ 63. Kc5 e2 64. Rg8+ Kc7 65. Rg7+ Kd8 66. Kd6 Rd2+
67. Kc5 e1=Q 68. Rg8+ Qe8 69. c7+ Kd7 70. Rxe8 Rc2+ 71. Kb4 Kxe8 0-1

[Event "Challenge"]
[Site "http://www.queenalice.com/game.php?id=899165"]
[Date "2011.2.11"]
[Round "-"]
[White "TiMicky"]
[Black "RONCO"]
[Result "0-1"]
[WhiteElo "1809"]
[BlackElo "1986"]

1. e4 e6 2. Nf3 d5 3. d3 Bc5 4. c3 Nc6 5. Nbd2 Nf6 6. exd5 Nxd5 7. d4 Be7 8. Bb5
Bd7 9. Bxc6 Bxc6 10. Ne5 O-O 11. Ne4 f6 12. Nxc6 bxc6 13. h4 f5 14. Nc5 Bxc5 15.
dxc5 Qe7 16. Qd4 e5 17. Qc4 Kh8 18. O-O f4 19. h5 h6 20. Bd2 Qh4 21. f3 Rf5 22.
Qe4 Rxh5 23. Qg6 Rg5 24. Qxc6 Rd8 25. Rf2 Ne3 26. Bxe3 fxe3 27. Re2 Qg3 28. Qxc7
Rf8 29. Rd1 Rh5 30. Rxe3 Qh2+ 31. Kf1 Rg5 32. Ke2 Rxg2+ 33. Kd3 e4+ 34. fxe4
Qxc7 35. Rd2 Rd8+ 0-1

[Event "Challenge"]
[Site "http://www.queenalice.com/game.php?id=909948"]
[Date "2011.3.8"]
[Round "-"]
[White "MarcD"]
[Black "RONCO"]
[Result "0-1"]
[WhiteElo "2089"]
[BlackElo "1979"]

1. d4 g6 2. Nf3 Bg7 3. Bf4 d5 4. e3 Bg4 5. Be2 Nf6 6. c3 Nc6 7. Nbd2 O-O 8. O-O
Nd7 9. h3 Bf5 10. Bh2 e5 11. dxe5 Ncxe5 12. Nxe5 Nxe5 13. Bxe5 Bxe5 14. Nf3 Bg7
15. Nd4 Bd7 16. Rc1 c6 17. c4 Kh8 18. cxd5 cxd5 19. b3 a6 20. Bf3 Be6 21. Qd2
Qe7 22. Rfd1 Rad8 23. Rc2 Be5 24. Rdc1 f5 25. Nxe6 Qxe6 26. Qb4 Rf7 27. Rd1 Rfd7
28. Rcd2 Kg7 29. Qa5 Bc7 30. Qc5 b6 31. Qd4+ Be5 0-1

[Event "Challenge"]
[Site "http://www.queenalice.com/game.php?id=1027166"]
[Date "2012.2.7"]
[Round "-"]
[White "RONCO"]
[Black "tewald"]
[Result "1-0"]
[WhiteElo "1999"]
[BlackElo "1890"]

1. e4 e6 2. d4 d5 3. e5 c5 4. c3 Nc6 5. Nf3 Bd7 6. Be3 cxd4 7. cxd4 Nge7 8. Bd3
a6 9. a3 Ng6 10. Nc3 b5 11. O-O Be7 12. Ne2 O-O 13. Nf4 Nxf4 14. Bxf4 Rc8 15. b4
f5 16. exf6 Rxf6 17. Be5 Nxe5 18. Nxe5 Bd6 19. f4 Qe7 20. Rf3 Bxe5 21. dxe5 Rh6
22. Qd2 Rf8 23. Raf1 Bc6 24. Rg3 d4 25. f5 exf5 26. Qxh6 Bd7 27. Qf4 1-0

[Event "Challenge"]
[Site "http://www.queenalice.com/game.php?id=1032486"]
[Date "2012.2.23"]
[Round "-"]
[White "aquatico"]
[Black "RONCO"]
[Result "1/2-1/2"]
[WhiteElo "1843"]
[BlackElo "2024"]

1. g4 d5 2. Bg2 c6 3. h3 e5 4. d4 Bd6 5. e4 Be6 6. dxe5 Bxe5 7. Nf3 Bc7 8. Qd4
Nf6 9. exd5 Qxd5 10. g5 Qxd4 11. Nxd4 Nd5 12. Nxe6 fxe6 13. Bd2 Nd7 14. Nc3
O-O-O 15. Nxd5 exd5 16. O-O-O Rhf8 17. Rhf1 Nc5 18. Bb4 Bb6 19. Rde1 Rfe8 20.
Rxe8 Rxe8 21. Bd2 g6 22. f4 Rf8 23. h4 Ne4 24. Bh3+ Kd8 25. f5 Nxd2 26. Kxd2 Ke7
27. f6+ Kf7 28. Kd3 Re8 29. Kd2 Bc7 30. Bg4 b6 31. h5 Re5 32. Re1 Rxe1 33. hxg6+
hxg6 34. Kxe1 Bg3+ 35. Ke2 Bf4 36. Bd7 c5 37. Bc6 d4 38. Bd5+ Kf8 39. f7 Bxg5
40. Kf3 Bc1 41. b3 g5 42. Kg4 a5 43. Kf5 b5 44. Ke6 Bd2 45. Kd6 Bb4 46. Kc6 g4
47. Kxb5 g3 48. a3 Bxa3 49. Kxa5 g2 50. Bxg2 Kxf7 51. Ka4 Bb4 52. Kb5 Kf6 53.
Kc4 Ke5 54. Kd3 Kf4 55. Be4 Kg3 56. Bh7 Kf2 57. Kc4 Ke3 58. Bd3 Kd2 59. Be4 Kc1
60. Bd3 Kb2 61. Be4 Ka3 62. Bd3 Ka2 63. Be4 Kb1 64. Bd3 Kb2 65. Bh7 Kc1 66. Bd3
Kd2 67. Bh7 Ba3 68. Bd3 Bb4 69. Be4 Ke3 70. Bd3 Kd2 71. Be4 1/2-1/2

[Event "OK, try again. Still wish it wer"]
[Site "http://www.queenalice.com/game.php?id=1039903"]
[Date "2012.3.17"]
[Round "-"]
[White "tewald"]
[Black "RONCO"]
[Result "0-1"]
[WhiteElo "1948"]
[BlackElo "2011"]

1. e4 e5 2. Nf3 Nc6 3. d4 d6 4. dxe5 Bg4 5. exd6 Bxd6 6. Be2 Bxf3 7. Bxf3 Nge7
8. O-O O-O 9. Nc3 Ne5 10. Re1 f6 11. b3 Nxf3+ 12. Qxf3 Be5 13. Bb2 c6 14. Rad1
Qc7 15. h3 Ng6 16. g3 Rad8 17. Na4 Bxb2 18. Nxb2 Ne5 19. Qf4 Qe7 20. Rxd8 Rxd8
21. Rd1 Rxd1+ 22. Nxd1 Qd7 23. Ne3 Qxh3 24. Qf5 Qxf5 25. Nxf5 b6 26. f4 Ng4 27.
Ne7+ Kf7 28. Nxc6 a6 29. b4 Ne3 30. c3 Nd1 31. c4 Ke8 32. Nb8 Nc3 33. a3 Nxe4
34. Kg2 a5 35. bxa5 bxa5 36. Na6 Kd7 37. g4 Kc6 38. Nb8+ Kc5 39. Kf3 Nd2+ 40.
Ke2 Nxc4 41. Nd7+ Kb5 42. f5 Nxa3 0-1

[Event "Challenge"]
[Site "http://www.queenalice.com/game.php?id=1043572"]
[Date "2012.3.28"]
[Round "-"]
[White "RONCO"]
[Black "Einstein"]
[Result "1-0"]
[WhiteElo "2017"]
[BlackElo "2037"]

1. e4 c5 2. Nf3 d6 3. Nc3 Nf6 4. d3 e6 5. Bg5 Be7 6. Be2 h6 7. Bh4 Nc6 8. h3 O-O
9. O-O a6 10. a3 b6 11. Qd2 Bb7 12. Bg3 Rc8 13. b3 Re8 14. Bf4 Nd4 15. e5 Nxe2+
16. Nxe2 Bxf3 17. gxf3 Nh5 18. Bh2 1-0

[Event "AUTO-MASTER-1618"]
[Site "http://www.queenalice.com/game.php?id=1043932"]
[Date "2012.3.29"]
[Round "1"]
[White "RONCO"]
[Black "Artking"]
[Result "1-0"]
[WhiteElo "2052"]
[BlackElo "1940"]

1. e4 c6 2. Nc3 d6 3. Nf3 e5 4. d3 Bg4 5. Be2 Nd7 6. Be3 Ngf6 7. O-O Be7 8. h3
Bh5 9. Nh2 Bg6 10. f4 exf4 11. Bxf4 h5 12. Be3 Qc7 13. Nf3 a6 14. Qd2 b5 15. a3
c5 16. Nd5 Qd8 17. Nxe7 Qxe7 18. Bg5 Rd8 19. Rae1 Ne5 20. Nh4 Bh7 21. Nf5 Bxf5
22. exf5 Qb7 23. Bf3 Qb6 24. Qf2 Qc7 25. Bxf6 gxf6 26. Qh4 Kd7 27. Bd5 Kc8 28.
Qxf6 Rdf8 29. Qh4 f6 30. d4 cxd4 31. Be6+ Kb8 32. Qxd4 Qc5 33. Qxc5 dxc5 34. Rd1
Rd8 35. b3 Kc7 36. Kh2 Rd4 37. c3 Rd3 38. Rxd3 Nxd3 39. Bf7 h4 40. g3 hxg3+ 41.
Kxg3 Ne5 42. Be6 a5 43. h4 Rd8 44. Rh1 Rd3+ 45. Kf4 Rxc3 46. h5 Rf3+ 47. Ke4 Rd3
48. h6 Rd8 49. h7 Rh8 50. Bg8 Nc6 51. Rg1 Kd6 52. Rd1+ Ke7 53. Rd5 c4 54. Rxb5
cxb3 55. Rxb3 Kd6 56. Rb5 Ne7 57. Rb8 Kc7 58. Rf8 Kd7 59. Rxf6 Nxg8 60. hxg8=Q
Rxg8 61. Rg6 Re8+ 62. Kd4 a4 63. Ra6 Rh8 64. Ke5 Rh2 65. Rxa4 Re2+ 66. Re4 Rc2
67. a4 Ke7 68. f6+ Kf7 69. Kf5 Rf2+ 70. Rf4 Ra2 71. Ke5 Re2+ 72. Kd6 Rb2 73. Kc6
Rb3 74. a5 Ra3 75. Kb6 Rb3+ 76. Ka7 Rb2 77. Ka6 Rb3 78. Rf5 Rb2 79. Rb5 Rf2 80.
Rb6 Ra2 81. Kb5 Rg2 82. a6 Rb2+ 83. Kc6 Ra2 84. Kb7 Rd2 85. a7 Rd7+ 86. Ka6 Rd8
87. Rc6 1-0

[Event "AUTO-MASTER-1618"]
[Site "http://www.queenalice.com/game.php?id=1043933"]
[Date "2012.3.29"]
[Round "1"]
[White "Artking"]
[Black "RONCO"]
[Result "0-1"]
[WhiteElo "1935"]
[BlackElo "2034"]

1. Nf3 d5 2. d4 e6 3. c4 c5 4. Nc3 Nf6 5. e3 Be7 6. Bd3 Nc6 7. dxc5 Bxc5 8. O-O
O-O 9. a3 d4 10. exd4 Nxd4 11. Nxd4 Bxd4 12. Nb5 e5 13. Bg5 h6 14. Bh4 g5 15.
Bg3 a6 16. Nxd4 Qxd4 17. Qe2 e4 18. Bc2 Re8 19. Rab1 Bg4 20. Qe1 Rac8 21. b3 Kg7
22. Rd1 Bxd1 23. Qxd1 Qb6 24. b4 Rxc4 25. Bb3 Rd4 26. Qc2 Re7 27. h4 g4 28. Rc1
Red7 29. Qc3 Rd3 0-1

[Event "AUTO-MASTER-1618"]
[Site "http://www.queenalice.com/game.php?id=1043934"]
[Date "2012.3.29"]
[Round "1"]
[White "RONCO"]
[Black "secretguy"]
[Result "0-1"]
[WhiteElo "2062"]
[BlackElo "2212"]

1. e4 e6 2. d4 d5 3. e5 c5 4. c3 Nc6 5. Nf3 cxd4 6. cxd4 f5 7. Bb5 Bd7 8. O-O
Qb6 9. Nc3 Nh6 10. h3 Nf7 11. Ba4 Bb4 12. Ne2 O-O 13. a3 Be7 14. b4 a5 15. bxa5
Qxa5 16. Bxc6 Bxc6 17. Bd2 Qa6 18. Bb4 Bb5 19. Ra2 Bxb4 20. Qb1 Ba5 21. Rc1 Bxe2
0-1

[Event "AUTO-MASTER-1618"]
[Site "http://www.queenalice.com/game.php?id=1043935"]
[Date "2012.3.29"]
[Round "1"]
[White "secretguy"]
[Black "RONCO"]
[Result "1-0"]
[WhiteElo "2326"]
[BlackElo "2077"]

1. f4 d5 2. Nf3 Nf6 3. e3 Nc6 4. d3 e6 5. Be2 Bb4+ 6. c3 Bd6 7. O-O O-O 8. Qc2
b6 9. e4 dxe4 10. dxe4 Bc5+ 11. Kh1 Bb7 12. b4 Be7 13. Bd3 Ng4 14. h3 Nh6 15. g4
f6 16. Bc4 Qc8 17. f5 Kh8 18. Bxe6 Qe8 19. Bf4 Bd6 20. Bxd6 cxd6 21. Bd5 Nf7 22.
Re1 Nfe5 23. Nh4 Rb8 24. Nd2 Nd8 25. Bb3 Rc8 26. Re3 b5 27. a4 Nc4 28. Bxc4 bxc4
29. Ng2 Qf7 30. b5 Re8 31. Rae1 Qc7 32. Nf4 d5 33. exd5 Rxe3 34. Rxe3 Nf7 35.
Qe4 Ne5 36. Nf3 Rg8 37. Nxe5 fxe5 38. Qxe5 Qc5 39. Qe7 Bxd5+ 40. Kg1 Qxe7 41.
Rxe7 Bf3 42. Nh5 Bd1 43. a5 Ba4 44. f6 g6 45. Nf4 Bxb5 46. Rxa7 Bc6 47. f7 Rf8
48. Ne6 Rb8 49. f8=Q+ Rxf8 50. Nxf8 Kg8 51. Nxh7 1-0

[Event "AUTO-MASTER-1618"]
[Site "http://www.queenalice.com/game.php?id=1043936"]
[Date "2012.3.29"]
[Round "1"]
[White "RONCO"]
[Black "andrevillares"]
[Result "1-0"]
[WhiteElo "2046"]
[BlackElo "1850"]

1. e4 c6 2. g3 d5 3. Bg2 e5 4. d3 Nf6 5. Bg5 Be7 6. h3 Be6 7. Nd2 O-O 8. Ngf3
Nbd7 9. O-O h6 10. Bxf6 Bxf6 11. Qe2 Re8 12. Nh2 g6 13. Ng4 Bg7 14. f4 dxe4 15.
dxe4 exf4 16. gxf4 Bxg4 17. Qxg4 Nf6 18. Qd1 Qd4+ 19. Kh1 1-0

[Event "AUTO-MASTER-1618"]
[Site "http://www.queenalice.com/game.php?id=1043937"]
[Date "2012.3.29"]
[Round "1"]
[White "andrevillares"]
[Black "RONCO"]
[Result "0-1"]
[WhiteElo "1842"]
[BlackElo "2054"]

1. d4 d5 2. c4 e6 3. Nc3 Bb4 4. a3 Be7 5. Nf3 Nc6 6. cxd5 exd5 7. Bf4 Nf6 8. e3
O-O 9. Bd3 Bg4 10. O-O a6 11. h3 Bh5 12. Rc1 Bg6 13. Re1 Qd7 14. Ne5 Nxe5 15.
dxe5 Ne4 16. Bxe4 Bxe4 17. Nxe4 Rad8 18. Nc5 Qc6 0-1

[Event "Challenge"]
[Site "http://www.queenalice.com/game.php?id=1067755"]
[Date "2012.6.3"]
[Round "-"]
[White "Danielff"]
[Black "RONCO"]
[Result "0-1"]
[WhiteElo "1820"]
[BlackElo "2071"]

1. d4 d5 2. Nc3 e6 3. Bf4 Bb4 4. Qd2 Nf6 5. f3 Nc6 6. a3 Bd6 7. Bg3 O-O 8. e3 a6
9. Bd3 Ne7 10. Nge2 Ng6 11. Bxg6 fxg6 12. O-O-O b5 0-1

[Event "Challenge"]
[Site "http://www.queenalice.com/game.php?id=1067756"]
[Date "2012.6.3"]
[Round "-"]
[White "RONCO"]
[Black "Danielff"]
[Result "1-0"]
[WhiteElo "2064"]
[BlackElo "1827"]

1. e4 e5 2. Nf3 d6 3. Nc3 c6 4. d3 h6 5. Be2 Nf6 6. Bd2 Be6 7. O-O Nbd7 8. h3
Nc5 9. b4 Ncd7 10. a3 Be7 11. Bc1 d5 12. exd5 1-0

[Event "Challenge"]
[Site "http://www.queenalice.com/game.php?id=1092056"]
[Date "2012.8.10"]
[Round "-"]
[White "koutouzov"]
[Black "RONCO"]
[Result "1-0"]
[WhiteElo "2074"]
[BlackElo "2062"]

1. d4 Nf6 2. Nc3 e6 3. e4 b6 4. e5 Nd5 5. Nxd5 exd5 6. Nf3 Bb7 7. Bd3 Be7 8. O-O
c5 9. b3 Nc6 10. Bb2 Qc7 11. Re1 O-O-O 12. a3 h6 13. Qe2 cxd4 14. Nxd4 Nxd4 15.
Bxd4 Bc5 16. c3 Kb8 17. b4 Bxd4 18. cxd4 Rde8 19. Rac1 g5 20. Rxc7 Kxc7 21. Rc1+
Kb8 22. Bf5 Rc8 23. Qd2 Rxc1+ 24. Qxc1 Rc8 25. Qd2 Rc7 26. g3 Ba6 27. Bd3 Bc8
28. Bf1 Bb7 29. f4 g4 30. f5 h5 31. Qg5 Rc4 32. Qg8+ Kc7 33. Bxc4 dxc4 34. Qxf7
1-0

[Event "AUTO-MASTER-1618"]
[Site "http://www.queenalice.com/game.php?id=1102230"]
[Date "2012.9.12"]
[Round "2"]
[White "RONCO"]
[Black "secretguy"]
[Result "0-1"]
[WhiteElo "2018"]
[BlackElo "2281"]

1. b4 e5 2. Bb2 f6 3. b5 a6 4. a4 d5 5. e3 Bb4 6. c3 Bd6 7. Nf3 c6 8. c4 Ne7 9.
Nc3 O-O 10. Be2 Nd7 11. O-O Nc5 12. h3 Be6 13. cxd5 Nxd5 14. e4 Nf4 15. d4 exd4
16. Nxd4 Qe8 17. Nxe6 Nxe2+ 18. Qxe2 Qxe6 19. bxc6 bxc6 20. Qg4 Qb3 21. Rab1
Rab8 22. Nd1 Qxa4 23. Nc3 Qb3 24. Nd1 Qf7 25. Ne3 h5 26. Qf3 Rb3 27. Rbd1 Bc7
28. Bd4 Ne6 29. Ba7 Be5 30. Qe2 Nf4 31. Qxa6 Ra8 32. Qxc6 Rxa7 33. Rd8+ Kh7 34.
Qc8 Qe6 35. Rh8+ Kg6 36. Qf8 Rb8 37. Qc5 Rc7 0-1

[Event "AUTO-MASTER-1618"]
[Site "http://www.queenalice.com/game.php?id=1102231"]
[Date "2012.9.12"]
[Round "2"]
[White "secretguy"]
[Black "RONCO"]
[Result "1-0"]
[WhiteElo "2266"]
[BlackElo "2024"]

1. e4 e5 2. d4 exd4 3. Qxd4 Nc6 4. Qe3 d6 5. a3 Be7 6. Nc3 Nf6 7. h3 O-O 8. Bd2
Nd7 9. Nf3 h6 10. O-O-O Nce5 11. Kb1 a6 12. Nxe5 Nxe5 13. f4 Nc6 14. g4 b5 15.
Nd5 Bb7 16. g5 h5 17. h4 Qd7 18. Bh3 Qd8 19. Bc3 Bc8 20. f5 Ne5 21. Bxe5 dxe5
22. Nf6+ Bxf6 23. Rxd8 Bxd8 24. g6 f6 25. Qf3 Re8 26. Qxh5 Kf8 27. Rd1 Bb7 28.
Qh8+ Ke7 29. Qxg7# 1-0

[Event "AUTO-MASTER-1618"]
[Site "http://www.queenalice.com/game.php?id=1102232"]
[Date "2012.9.12"]
[Round "2"]
[White "RONCO"]
[Black "Ghiceda"]
[Result "0-1"]
[WhiteElo "2040"]
[BlackElo "2231"]

1. e4 e6 2. d4 d5 3. e5 c5 4. c4 dxc4 5. Bxc4 Qxd4 6. Qxd4 cxd4 7. Nf3 Bc5 8.
O-O Nc6 9. Nbd2 Nge7 10. Ne4 b6 11. Nxc5 bxc5 12. Bf4 Bb7 13. a3 O-O 14. Nd2 Ng6
15. Bg3 Ncxe5 16. Ba2 Rac8 17. Bxe5 Nxe5 18. Bc4 Nxc4 19. Nxc4 Rfd8 20. Rfe1 Bd5
21. Ne5 f6 22. Nf3 e5 23. Nh4 Rb8 24. Nf5 Kf7 25. Re2 g6 26. Ng3 h5 27. Rd2 Rb3
28. Ne2 Rdb8 29. Ra2 R3b6 30. f3 Bxa2 0-1

[Event "AUTO-MASTER-1618"]
[Site "http://www.queenalice.com/game.php?id=1102233"]
[Date "2012.9.12"]
[Round "2"]
[White "Ghiceda"]
[Black "RONCO"]
[Result "1-0"]
[WhiteElo "2226"]
[BlackElo "2032"]

1. f4 d5 2. Nf3 e6 3. e3 c6 4. b3 Nf6 5. Bb2 Be7 6. Be2 O-O 7. Ne5 Nbd7 8. O-O
Nxe5 9. Bxe5 Nd7 10. Qe1 f6 11. Bb2 Bc5 12. Qg3 Bd6 13. Qg4 Qe7 14. d3 Bc5 15.
Qg3 b6 16. Nd2 b5 17. a4 a6 18. Kh1 Bd6 19. e4 e5 20. f5 d4 21. Qh4 Bb7 22. Rf3
Bb4 23. Bc1 Bc3 24. Rb1 Rf7 25. Rg3 c5 26. Nf3 b4 27. Rh3 Nf8 28. g4 g6 29. Bh6
gxf5 30. Rg1 Ng6 31. Qh5 Nf4 32. gxf5+ Kh8 33. Bxf4 exf4 34. Nh4 Rg8 35. Rxg8+
Kxg8 36. Qg4+ Rg7 37. Qxf4 Be1 38. Ng2 Rg5 39. Nxe1 Kg7 40. Nf3 1-0

[Event "AUTO-MASTER-1618"]
[Site "http://www.queenalice.com/game.php?id=1102234"]
[Date "2012.9.12"]
[Round "2"]
[White "RONCO"]
[Black "strutz"]
[Result "0-1"]
[WhiteElo "2071"]
[BlackElo "2255"]

1. e4 Nf6 2. Nc3 d5 3. exd5 Nxd5 4. Nxd5 Qxd5 5. Nf3 Nc6 6. c4 Qa5 7. Be2 g6 8.
O-O Bg7 9. d4 Bg4 10. Be3 O-O-O 11. h3 Bxf3 12. Bxf3 Nxd4 13. Bxd4 Rxd4 14. Qb3
c6 15. Rae1 e6 16. Rd1 Rhd8 17. Rc1 Rd3 18. Qc2 Rd2 19. Qb3 R8d3 0-1

[Event "AUTO-MASTER-1618"]
[Site "http://www.queenalice.com/game.php?id=1102235"]
[Date "2012.9.12"]
[Round "2"]
[White "strutz"]
[Black "RONCO"]
[Result "1-0"]
[WhiteElo "2294"]
[BlackElo "2046"]

1. e4 e6 2. d4 d5 3. Nc3 Bb4 4. e5 Bd7 5. Qg4 g6 6. h4 Ne7 7. Bd3 Nbc6 8. Ne2
Bxc3+ 9. bxc3 h5 10. Qf3 Nf5 11. Bxf5 gxf5 12. Ng3 Qe7 13. Nxh5 O-O-O 14. Bg5
Qa3 15. Bxd8 Nxd8 16. Nf6 Bb5 17. Kd2 Qe7 18. h5 Qf8 19. Qf4 Qh6 20. Qxh6 Rxh6
21. Ke3 Bc4 22. Kf4 Nc6 23. Kg5 Rh8 24. h6 Ne7 25. h7 Ng6 26. Kh6 b6 27. Kg7 Bb5
28. Kxf7 Nf4 29. Kg7 1-0